Can You Trust Your Trust? What You Need to Know about the Advantages and Disadvantages of Trusts and Trust Compliance Issues

Detalles Bibliográficos
Autor principal: Goldberg, Seymour
Formato: eBook
Lenguaje:inglés
Publicado: Chicago: American Bar Association, 2014
Materias:
Acceso en línea:Acceso restringido

MARC

LEADER 00000nam a22000007a 4500
005 2021022400290.0
007 cr|||| ||||
008 210224s2014 us |||||s|||| 00||0 eng d
020 |a 9781627227094 
035 |a 31212 
040 |a vLex 
090 |c 11242  |d 11242 
100 1 |a Goldberg, Seymour 
245 1 0 |a Can You Trust Your Trust? What You Need to Know about the Advantages and Disadvantages of Trusts and Trust Compliance Issues  |h [Recurso electrn̤ico] /  |c Seymour Goldberg 
256 |a Servicio en ln̕ea 
260 |a Chicago:  |b American Bar Association,  |c 2014 
300 |a 1 recurso electrn̤ico 
500 |a This straightforward guide helps anyone involved with trusts and estate planning understand the complexities and legal implications that arise when using a trustee. 
506 1 |a Disponible solo en los productos indicados  |d vLex Global  |d vLex Global (Academic Edition, excluding Law Schools)  |d vLex Global (Academic Edition, Law Schools) 
650 0 4 |a Derecho Mercantil y de la Empresa  |z Estados Unidos 
740 0 |a vLex Libros (Servicio en ln̕ea) 
856 4 0 |u http://vlex.com/source/can-you-trust-your-trust-what-you-need-to-know-about-the-advantages-and-disadvantages-of-trusts-and-trust-compliance-issues-31212  |z Acceso restringido 
942 |c BOOK 
999 0 |a Commercial and Company Law